Daniels, Ronald J. What universities owe democracy (Record no. 525969)
[ view plain ]
| 000 -LEADER | |
|---|---|
| fixed length control field | 00648nam a22001457a 4500 |
| 008 - FIXED-LENGTH DATA ELEMENTS--GENERAL INFORMATION | |
| fixed length control field | 240429b ||||| |||| 00| 0 eng d |
| 100 ## - MAIN ENTRY--PERSONAL NAME | |
| Personal name | Pelton, M. Lee |
| 245 ## - TITLE STATEMENT | |
| Title | Daniels, Ronald J. What universities owe democracy |
| 260 ## - PUBLICATION, DISTRIBUTION, ETC. (IMPRINT) | |
| Place of publication, distribution, etc | Journal of Economic Literature |
| 300 ## - PHYSICAL DESCRIPTION | |
| Extent | 62(1). Mar, 2024: p320-323 |
| 520 ## - SUMMARY, ETC. | |
| Summary, etc | Pelton, M Lee. 2024. "Daniels, Ronald J. What Universities Owe Democracy." Journal of Economic Literature, 62 (1): 320-23.DOI: 10.1257/jel.62.1.317.r3. Reproduced https://www.aeaweb.org/articles?id=10.1257/jel.62.1.317.r3 |
| 773 ## - HOST ITEM ENTRY | |
| Main entry heading | Journal of Economic Literature |
| 906 ## - LOCAL DATA ELEMENT F, LDF (RLIN) | |
| Subject DIP | BOOK REVIEW |
| 942 ## - ADDED ENTRY ELEMENTS (KOHA) | |
| Item type | Articles |
| Withdrawn status | Lost status | Source of classification or shelving scheme | Damaged status | Not for loan | Permanent location | Current location | Date acquired | Serial Enumeration / chronology | Barcode | Date last seen | Koha item type |
|---|---|---|---|---|---|---|---|---|---|---|---|
| Indian Institute of Public Administration | Indian Institute of Public Administration | 2024-04-29 | 62(1). Mar, 2024: p320-323 | AR131762 | 2024-04-29 | Articles |
